Toutes les gares ferroviaires de la Creuse - Statistiques

Statistiques générales
  • Ce quiz a été pris 8 fois
  • Le résultat moyen est 3 sur 9
Statistiques - réponses
Fréquentation annuelle Nom de la gare % Correct
88 359 Guéret
100%
229 748 La Souterraine
86%
1 853 Busseau-sur-Creuse
29%
5 314 Saint-Sébastien
29%
8 680 Marsac
14%
1 454 Lavaufranche
0%
2 243 Montaigut
0%
1 020 Parsac - Gouzon
0%
4 285 Vieilleville
0%
Aucun quiz correspondant
Distribution des résultats
% des personnes avec chaque résultat
Percentile par nombre de réponses
Votre historique - résultats
Vous n’avez pas pris ce quiz